| 000 | 00776cam a2200217 4500 | ||
|---|---|---|---|
| 001 | ##D1853 | ||
| 008 | 090401t1985 xxu||||| |||| 00| 0 eng d | ||
| 035 | _a(Sirsi) u66217 | ||
| 041 | 0 | _aeng | |
| 050 | 0 | 4 | _a690.25 $2 18 |
| 110 | 2 |
_aBuilding Maintenance Cost Information Service _91702 |
|
| 245 | 0 | 0 |
_aDesign/performance data _bbuilding owners' reports _bone _bexternal walls |
| 260 |
_aKingston upon Thames _bBMCIS _c1985 |
||
| 300 |
_a56p. _bill. _c30cm |
||
| 490 | o | _aBMI Occasional Paper | |
| 520 | _aThis item is part of a subscription service and no part of it can be read out over the phone. Please contact BMI direct on 020 7222 7000 for details. | ||
| 651 | 4 |
_aUnited Kingdom _y |
|
| 690 | _aBUILT ENVIRONMENT-BUILDING COSTS | ||
| 942 | _n0 | ||
| 948 | _c04/03/1997 | ||
| 999 |
_c94829 _d94829 |
||